[Event "Heusenstamm Sparkassen op-B 6th"]
[Site "Heusenstamm"]
[Date "2019.11.22"]
[Round "3"]
[White "Meyer, Marcel"]
[Black "Moldenhauer, Nils"]
[Result "1-0"]
[WhiteElo "1777"]
[BlackElo "1453"]
[PlyCount "75"]
[EventDate "2019.11.21"]
[EventType "swiss"]
[EventRounds "7"]
[EventCountry "GER"]
[SourceTitle "CBM 194 Extra"]
[Source "ChessBase"]
[SourceDate "2020.03.31"]
[SourceVersion "1"]
[SourceVersionDate "2020.03.31"]
[SourceQuality "1"]

1. d4 d5 2. c4 e6 3. Nc3 Nf6 4. cxd5 exd5 5. Bg5 Be7 6. e3 0-0 7. Bd3 Nbd7 8. Qc2 Re8 9. Nf3 Nf8 10. 0-0 c6 11. Rab1 a5 12. a3 Ne4 13. Bxe7 Qxe7 14. Ne5 Nxc3 15. Qxc3 f6 16. Nf3 Ng6 17. b4 axb4 18. axb4 Bd7 19. Ra1 Qd6 20. Qc5 Qc7 21. b5 Ne7 22. Rxa8 Rxa8 23. Qxe7 Re8 24. Qc5 Ra8 25. Rc1 Rc8 26. b6 Qd8 27. Ra1 Rb8 28. Qd6 Qe8 29. Ra7 Qc8 30. Nd2 Be8 31. Qc7 Bd7 32. Qxc8+ Bxc8 33. Nb3 g6 34. Nc5 Kf7 35. Ba6 Ke8 36. Nxb7 Bxb7 37. Rxb7 Ra8 38. Ra7 1-0

[Event "Rhein Main op-B 22nd"]
[Site "Bad Homburg"]
[Date "2019.06.20"]
[Round "3"]
[White "Samy AS, Anthoni"]
[Black "Moldenhauer, Nils"]
[Result "1-0"]
[WhiteElo "1445"]
[BlackElo "1018"]
[PlyCount "109"]
[EventDate "2019.06.19"]
[EventType "swiss"]
[EventRounds "7"]
[EventCountry "GER"]
[SourceTitle "EXT 2020"]
[Source "ChessBase"]
[SourceDate "2019.10.17"]
[SourceVersion "1"]
[SourceVersionDate "2019.10.17"]
[SourceQuality "1"]

1. e4 e5 2. Nf3 Nc6 3. Bb5 Bc5 4. Bxc6 dxc6 5. Nxe5 Qd4 6. Nd3 Qxe4+ 7. Qe2 Qxe2+ 8. Kxe2 Bd4 9. c3 Bb6 10. Re1 Nf6 11. Kf1+ Be6 12. Nf4 Kd7 13. d4 Rhe8 14. b3 c5 15. dxc5 Bxc5 16. Nd3 Bd6 17. h3 Bf5 18. Nb2 Re5 19. Be3 Rae8 20. Nd2 b6 21. Ndc4 R5e6 22. Nxd6 Rxd6 23. Bf4 Rde6 24. Rad1+ Kc8 25. f3 h6 26. g4 Bg6 27. Bg3 Nd7 28. Nc4 Bd3+ 29. Rxd3 Rxe1+ 30. Bxe1 Nc5 31. Re3 Rd8 32. Ne5 f6 33. Nc6 Rd6 34. Nxa7+ Kb7 35. Nb5 Rd7 36. Nd4 g5 37. h4 Rf7 38. Nf5 Rh7 39. Re7 Rxe7 40. Nxe7 c6 41. Ke2 Kc7 42. Bg3+ Kd7 43. Nf5 Ke6 44. Nxh6 Nd7 45. Nf5 Ne5 46. Nd4+ Kd5 47. h5 Nf7 48. Nf5 Ke6 49. h6 Kd7 50. h7 Nh8 51. Bd6 Ke6 52. Bf8 Kf7 53. Bg7 Ng6 54. h8Q Nxh8 55. Bxh8 1-0